Manual de denuncia /
| Autor corporatiu: | |
|---|---|
| Format: | Llibre |
| Idioma: | espanyol |
| Publicat: |
San José, Costa Rica :
CSUCA,
1997
|
| Col·lecció: | Colección Derechos Humanos,
10 |
| Matèries: |
MARC
| LEADER | 00000nam a2200000Ia 4500 | ||
|---|---|---|---|
| 008 | 171003b1997 cr ||||| |||| 00| | spa d | ||
| 999 | |c 990 |d 990 | ||
| 020 | |a 9977303142 | ||
| 090 | |a 04.02.01 |b 750 | ||
| 110 | 2 | |a Comisión para la Defensa de los Derechos Humanos en Centroamérica (CODEHUCA) |9 2879 | |
| 245 | 1 | 0 | |a Manual de denuncia / |c CODEHUCA |
| 260 | |a San José, Costa Rica : |b CSUCA, |c 1997 | ||
| 300 | |a 126 páginas | ||
| 490 | |a Colección Derechos Humanos, |v 10 | ||
| 650 | 1 | 4 | |a DERECHOS HUMANOS |9 588 |
| 650 | 1 | 4 | |a PROCEDIMIENTO LEGAL |9 3214 |
| 942 | |i 001338 |h 04.02.01 750 |2 z |c 01 | ||
